Estadísticas para Bandera de Africana Aleatoria al País

Haz click aquí para tomar la prueba!

Estadísticas generales

  • Esta prueba ha sido tomada 4.966 veces
  • La puntuación promedio es 8 de 10

Estadísticas de respuestas

Respuesta% Correcto
Sudáfrica
96%
Egipto
95%
Marruecos
95%
Nigeria
93%
Camerún
91%
Túnez
91%
Costa de Marfil
88%
Angola
87%
Argelia
87%
Senegal
87%
Ghana
86%
República Democrática del Congo
86%
Kenia
85%
Somalia
85%
Seychelles
83%
Uganda
83%
Liberia
82%
Chad
80%
Botsuana
78%
Madagascar
78%
Cabo Verde
77%
Gabón
77%
Lesoto
77%
Burkina Faso
76%
Etiopía
76%
Níger
76%
República Centroafricana
76%
Suazilandia
76%
Libia
75%
Mozambique
75%
Zambia
75%
Eritrea
74%
Mauritania
74%
Tanzania
74%
Malaui
73%
Burundi
72%
Malí
72%
Sudán
72%
Mauricio
70%
República del Congo
70%
Guinea Ecuatorial
69%
Sierra Leona
67%
Togo
67%
Guinea
66%
Comoras
65%
Zimbabue
65%
Namibia
63%
Ruanda
63%
Sudán del Sur
63%
Benín
62%
Gambia
61%
Santo Tomé y Príncipe
60%
Yibuti
60%
Guinea-Bissau
56%

Distribución de puntuación

Porcentaje por número respondido

Porcentaje de gente con cada puntuación

Historial de tus puntuaciones

No has tomado esta prueba